MCU Characters by Death - Statistics

General Stats
  • This quiz has been taken 206 times
    197 since last reset
  • The average score is 20 of 29
Answer Stats
Cause of death Character % Correct
Jumping off a cliff in exchange for the Soul Stone Black Widow
89%
Killed by the gamma radiation from using the Infinity Stones Iron Man
89%
Strangled by Thanos Loki
89%
Disintegrated with the Infinity Stones alongside his army Thanos
84%
Giving up his spacesuit to save Star Lord Yondu Udonta
84%
Crushed by Surtur's sword Hela
81%
Falling into a large arc-reactor Obadiah Stane
81%
Shot with jet turrets by Ultron Quicksilver
80%
Disintegrated by Guardians of the Galaxy using the Power Stone Ronan the Accuser
79%
Stabbed by T'Challa Killmonger
77%
Blown up by Pepper Potts Aldrich Killian
76%
Blasted by Vision Ultron
76%
Stabbed by Thanos Heimdall
72%
Punched by Winter Soldier after a car crash Howard Stark
72%
Disintegrated by uncontrollable shrinking Darren Cross
71%
Disintegrated due to old age and having his powers taken away Odin
69%
Old age Peggy Carter
67%
Suicide bombing in an attempt to kill Iron Man Whiplash
66%
Shot by a misfiring drone Mysterio
64%
Suicide bombing in an attempt to kill Captain America Brock Rumlow
61%
Falling off a building after getting stabbed by Kaecilius The Ancient One
61%
Stabbed by the dark-elf Kurse Frigga
59%
Shot by Killmonger Ulysses Klaue
59%
A bomb planted in his brain Ego the Living Planet
57%
Blown up in the destruction of Asgard Surtur
57%
Crushed by his own spaceship Malekith the Accursed
54%
Shot by Nick Fury Alexander Pierce
53%
Blasted from behind by Loki Laufey
50%
Stabbed by Killmonger Zuri
39%
No matching quizzes found
Score Distribution
Percent of People with Each Score
Percentile by Number Answered
Your Score History
You have not taken this quiz since the last reset